[Event "EOC-ch Playoff-A 2021"]
[Site "Online"]
[Date "2021.03.29"]
[Round "4.7"]
[White "Timofeev, Artyom"]
[Black "Wagner, Dennis"]
[Result "1-0"]
[WhiteElo "2594"]
[BlackElo "2581"]
[Annotator "ChessBase"]
[PlyCount "111"]
[EventDate "2021.03.29"]
[EventType "team-tourn"]
[EventCountry "NET"]
[SourceTitle "playchess.com"]
[Source "ChessBase"]
[SourceQuality "1"]
[TimeControl "900+5"]

1. d4 {[%emt 0:00:00]} Nf6 {[%emt 0:00:02]} 2. c4 {[%emt 0:00:04]} g6 {[%emt 0:00:01]} 3. Nc3 {[%emt 0:00:03]} d5 {[%emt 0:00:01]} 4. Bf4 {[%emt 0:00:03]} Bg7 {[%emt 0:00:02]} 5. e3 {[%emt 0:00:02]} O-O {[%emt 0:00:07]} 6. Rc1 {[%emt 0:00:03]} c5 {[%emt 0:00:51]} 7. dxc5 {[%emt 0:00:06]} Qa5 {[%emt 0:03:54]} 8. cxd5 {[%emt 0:00:37]} Nbd7 {[%emt 0:00:09]} 9. a3 {[%emt 0:01:02]} Ne4 {[%emt 0:03:06]} 10. b4 {[%emt 0:00:45]} Nxc3 {[%emt 0:00:38]} 11. bxa5 {[%emt 0:00:05]} Nxd1 {[%emt 0:00:02]} 12. Kxd1 {[%emt 0:00:09]} Nf6 {[%emt 0:00:01]} 13. Be5 {[%emt 0:01:13]} Nxd5 {[%emt 0:01:44]} 14. Bxg7 {[%emt 0:00:04]} Kxg7 {[%emt 0:00:00]} 15. Bc4 {[%emt 0:00:43]} Be6 {[%emt 0:00:04]} 16. Nf3 {[%emt 0:00:43]} Rac8 {[%emt 0:00:35]} 17. Bxd5 {[%emt 0:00:48]} Bxd5 {[%emt 0:00:03]} 18. Ke2 {[%emt 0:00:01]} Rc7 {[%emt 0:00:13]} 19. Rhd1 {[%emt 0:00:16]} Bxf3+ {[%emt 0:00:37]} 20. Kxf3 {[%emt 0:00:27]} Rfc8 {[%emt 0:00:02]} 21. Rb1 {[%emt 0:00:13]} e6 {[%emt 0:01:45]} 22. g4 {[%emt 0:00:48]} a6 {[%emt 0:00:56]} 23. c6 {[%emt 0:00:04]} Rxc6 {[%emt 0:00:11]} 24. Rxb7 {[%emt 0:00:04]} Rc5 {[%emt 0:00:09]} 25. Rdd7 {[%emt 0:00:09]} Rf8 {[%emt 0:00:02]} 26. Rd6 {[%emt 0:00:16]} Rxa5 {[%emt 0:00:02]} 27. Rxe6 {[%emt 0:00:02]} Rxa3 {[%emt 0:00:08]} 28. Ra7 {[%emt 0:00:04]} a5 {[%emt 0:00:51]} 29. Rea6 {[%emt 0:00:03]} Rb8 {[%emt 0:00:16]} 30. Rxa5 {[%emt 0:00:07]} Rxa5 {[%emt 0:00:00]} 31. Rxa5 {[%emt 0:00:02]} Rb7 {[%emt 0:00:05]} 32. h4 {[%emt 0:00:03]} Rb2 {[%emt 0:00:10]} 33. Kg3 {[%emt 0:00:05]} Rc2 {[%emt 0:00:05]} 34. f3 {[%emt 0:00:21]} Rc3 {[%emt 0:00:07]} 35. Kf4 {[%emt 0:00:04]} Rc4+ {[%emt 0:00:02]} 36. e4 {[%emt 0:00:02]} Rc3 {[%emt 0:00:02]} 37. h5 {[%emt 0:00:06]} Rb3 {[%emt 0:00:20]} 38. Ra7 {[%emt 0:00:15]} Rb1 {[%emt 0:00:20]} 39. h6+ {[%emt 0:00:06]} Kf6 {[%emt 0:00:26]} 40. g5+ {[%emt 0:00:10]} Ke6 {[%emt 0:00:01]} 41. Ra6+ {[%emt 0:00:10]} Ke7 {[%emt 0:00:02]} 42. Ra8 {[%emt 0:00:01]} f6 {[%emt 0:00:12]} 43. Ra7+ {[%emt 0:00:04]} Ke6 {[%emt 0:00:02]} 44. Ra6+ {[%emt 0:00:02]} Ke7 {[%emt 0:00:01]} 45. Rxf6 {[%emt 0:00:03]} Ra1 {[%emt 0:00:03]} 46. Rb6 {[%emt 0:00:04]} Ra7 {[%emt 0:00:02]} 47. Rb8 {[%emt 0:00:03]} Kf7 {[%emt 0:00:04]} 48. Rh8 {[%emt 0:00:03]} Ke6 {[%emt 0:00:01]} 49. Rg8 {[%emt 0:00:02]} Rf7+ {[%emt 0:00:01]} 50. Kg4 {[%emt 0:00:02]} Ra7 {[%emt 0:00:08]} 51. Rg7 {[%emt 0:00:12]} Rxg7 {[%emt 0:00:02]} 52. hxg7 {[%emt 0:00:02]} Kf7 {[%emt 0:00:01]} 53. Kf4 {[%emt 0:00:01]} Kxg7 {[%emt 0:00:01]} 54. Ke5 {[%emt 0:00:02]} h5 {[%emt 0:00:05]} 55. gxh6+ {[%emt 0:00:02]} Kxh6 {[%emt 0:00:00]} 56. Kf6 {[%emt 0:00:02]} 1-0

[Event "EOC-ch Playoff-A 2021"]
[Site "Online"]
[Date "2021.03.29"]
[Round "4.8"]
[White "Buhmann, Rainer"]
[Black "Sharafiev, Azat"]
[Result "1-0"]
[WhiteElo "2580"]
[BlackElo "2432"]
[Annotator "ChessBase"]
[PlyCount "77"]
[EventDate "2021.03.29"]
[EventType "team-tourn"]
[EventCountry "NET"]
[SourceTitle "playchess.com"]
[Source "ChessBase"]
[SourceQuality "1"]
[TimeControl "900+5"]

1. d4 {[%emt 0:00:00]} Nf6 {[%emt 0:00:03]} 2. Nf3 {[%emt 0:00:03]} g6 {[%emt 0:00:08]} 3. c4 {[%emt 0:00:01]} Bg7 {[%emt 0:00:01]} 4. e3 {[%emt 0:00:01]} O-O {[%emt 0:00:03]} 5. Be2 {[%emt 0:00:01]} c5 {[%emt 0:00:02]} 6. d5 {[%emt 0:00:03]} e6 {[%emt 0:00:02]} 7. Nc3 {[%emt 0:00:02]} d6 {[%emt 0:00:03]} 8. O-O {[%emt 0:00:05]} exd5 {[%emt 0:00:02]} 9. cxd5 {[%emt 0:00:01]} Bg4 {[%emt 0:00:01]} 10. h3 {[%emt 0:00:04]} Bxf3 {[%emt 0:00:03]} 11. Bxf3 {[%emt 0:00:00]} Re8 {[%emt 0:00:04]} 12. Bd2 {[%emt 0:00:07]} Nbd7 {[%emt 0:00:13]} 13. a4 {[%emt 0:00:16]} a6 {[%emt 0:01:14]} 14. Rb1 {[%emt 0:00:21]} Rb8 {[%emt 0:00:27]} 15. Qc2 {[%emt 0:00:55]} Qc7 {[%emt 0:00:41]} 16. Rfc1 {[%emt 0:00:10]} b5 {[%emt 0:00:24]} 17. axb5 {[%emt 0:00:05]} axb5 {[%emt 0:00:02]} 18. b4 {[%emt 0:00:03]} c4 {[%emt 0:00:04]} 19. Ra1 {[%emt 0:00:10]} Ne5 {[%emt 0:02:22]} 20. Be2 {[%emt 0:00:11]} g5 {[%emt 0:00:36]} 21. Qf5 {[%emt 0:00:39]} h6 {[%emt 0:00:04]} 22. Ra5 {[%emt 0:00:14]} Rb6 {[%emt 0:00:39]} 23. Nxb5 {[%emt 0:01:54]} Qb7 {[%emt 0:00:31]} 24. Na3 {[%emt 0:03:15]} Rxb4 {[%emt 0:03:11]} 25. Bxb4 {[%emt 0:00:34]} Qxb4 {[%emt 0:00:03]} 26. Ra7 {[%emt 0:00:41]} c3 {[%emt 0:00:38]} 27. Nb5 {[%emt 0:00:32]} Nxd5 {[%emt 0:00:32]} 28. Nc7 {[%emt 0:03:03]} Qb6 {[%emt 0:03:15]} 29. Nxe8 {[%emt 0:00:17]} Qxa7 {[%emt 0:00:02]} 30. Nxg7 {[%emt 0:00:54]} Kxg7 {[%emt 0:00:50]} 31. Qc2 {[%emt 0:00:18]} Qd7 {[%emt 0:01:05]} 32. Qe4 {[%emt 0:01:11]} Qe6 {[%emt 0:00:10]} 33. Qd4 {[%emt 0:00:09]} Kg8 {[%emt 0:00:04]} 34. Ra1 {[%emt 0:00:33]} f6 {[%emt 0:00:06]} 35. Bc4 {[%emt 0:00:12]} Nxc4 {[%emt 0:00:04]} 36. Qxc4 {[%emt 0:00:02]} Qe5 {[%emt 0:00:06]} 37. Rd1 {[%emt 0:00:24]} Kg7 {[%emt 0:00:02]} 38. Rxd5 {[%emt 0:00:05]} c2 {[%emt 0:00:04]} 39. Rxe5 {[%emt 0:00:03]} 1-0

[Event "EOC-ch Playoff-A 2021"]
[Site "Online"]
[Date "2021.03.29"]
[Round "4.10"]
[White "Gumularz, Szymon"]
[Black "Amin, Bassem"]
[Result "1/2-1/2"]
[WhiteElo "2517"]
[BlackElo "2695"]
[Annotator "TA"]
[PlyCount "158"]
[EventDate "2021.03.29"]
[EventType "team-tourn"]
[EventCountry "NET"]
[SourceTitle "playchess.com"]
[Source "ChessBase"]
[SourceQuality "1"]

{[%evp 16,158,31,8,91,91,94,64,80,32,35,31,39,0,32,-40,68,-31,59,53,71,62,67,83,60,48,34,28,61,0,7,5,52,0,0,0,0,0,0,0,9,9,13,8,3,0,8,8,8,0,0,0,281,280,253,82,166,137,371,364,547,464,1041,212,212,213,213,212,212,213,213,213,401,383,381,87,87,87,87,87,87,82,87,94,531,499,441,392,229,135,1441,1445,1410,1366,1317,544,1256,0,1181,1194,1370,1426,1161,685,1540,1642,1430,1496,1320,1174,1057,0,1023,1000,941,790,743,595,737,564,564,48,44,48,48,18,18,18,18,18,18,18,18,0,18,18,18,16,16,0,16,0,14,0,20]} 1. d4 Nf6 2. c4 e6 3. Nc3 Bb4 4. e3 b6 5. Bd3 Bb7 6. Nf3 Ne4 7. O-O Bxc3 8. bxc3 f5 9. Ne1 c5 {E43: Nimzo-Indian: Rubinstein: 4...b6.} (9... Nxc3 $11 {remains equal.} 10. Qc2 Ne4) 10. f3 $1 $16 {[%cal Rf3e4]} Nd6 11. e4 O-O {[%cal Rf5e4] White is slightly better.} 12. e5 Nf7 13. Nc2 {[#]} Nc6 $146 ({Predecessor:} 13... d6 14. f4 dxe5 15. fxe5 Nc6 16. Be3 Qe7 17. Qe2 Rad8 18. Rad1 Na5 19. Bf4 Ng5 {½-½ (28) Baburin,A (2520)-Aleksic,N (2357) Porto San Giorgio 2013}) 14. f4 Ne7 15. Ne3 (15. a4 $14) 15... d5 (15... d6 $15) 16. dxc5 (16. Ba3 $14) 16... bxc5 (16... d4 $15 17. cxd4 Qxd4 {[%mdl 64] Double Attack}) 17. Rb1 $14 Bc6 18. Qe2 Rb8 19. Rxb8 Qxb8 20. Ba3 Qb6 21. cxd5 Nxd5 22. Nc4 ({Better is} 22. Nxd5 $14 Bxd5 23. c4) 22... Qc7 23. Bxc5 Rd8 24. Bd6 ({White should play} 24. Bd4 $1 $14) 24... Qc8 $11 25. Qb2 Bb7 26. Qa3 Ba6 27. Nb6 axb6 28. Bxa6 Qc6 {Strongly threatening ...b5.} 29. c4 $36 {[%mdl 2048] White is more active.} Nc7 30. Bxc7 Qxc7 31. c5 Ra8 32. Rc1 b5 33. c6 b4 $2 {[%mdl 8192]} (33... g5 $11) 34. Qd3 $1 $18 g5 35. Bb5 $2 (35. g3 $18 {is more deadly.}) 35... Rxa2 (35... gxf4 $16 36. Qc4 f3) 36. Qc4 b3 (36... Ra7 $16) 37. Qxb3 Qa7+ (37... Qb6+ $142 38. Kh1 Ra7) 38. Kh1 Qc5 (38... Ra1 $142 39. Qc3 Rxc1+ 40. Qxc1 Qc7) 39. Qd1 $2 Qxb5 40. c7 Ra8 {...Rc8 is the strong threat.} 41. c8=Q+ Rxc8 42. Rxc8+ {[%mdl 4096] Endgame KQR-KQN} Kg7 43. fxg5 Qxe5 $2 (43... Nxg5 {was called for.} 44. Qc1 Ne4) 44. Qc1 Qd4 45. Qc3 $2 (45. Rc4 $18 {has better winning chances.} Qf2 46. Rc2) 45... Qxc3 $16 46. Rxc3 {Threatens to win with Rc7.} Nxg5 {KR-KN} 47. Kg1 Kf6 48. Rc7 h6 49. Kf2 e5 $2 {[%mdl 8192]} (49... Nf7 $16 {is a better chance.} 50. Ke3 Ne5) 50. Rc6+ $18 Ne6 51. Ke3 h5 {[#]} 52. g3 e4 $2 {[%mdl 8192]} (52... Kf7 $16 53. Kd3 e4+ 54. Ke3 Kf6) 53. Ra6 Ke5 54. Ra5+ Kf6 55. Rd5 (55. Ra8 $142 Nc7 56. Rh8) 55... Kg6 56. Ra5 Kf6 57. Rb5 Kg6 58. Rb8 Kf6 59. Rg8 Kf7 60. Rh8 Kg6 61. h4 Nc7 62. Kd4 Nb5+ 63. Ke3 $2 (63. Kc5 $18 Na3 64. Rg8+ Kf6 65. Kd4) 63... Nc3 $2 {[%mdl 8192]} (63... Nc7 $11 64. Rg8+ Kf6) 64. Rd8 Kf6 65. Rd6+ Ke5 66. Rh6 Nd5+ 67. Ke2 Nf6 68. Rh8 $2 (68. Kd2 $18 Ke6 69. Rg6) 68... f4 $1 $14 69. gxf4+ Kxf4 70. Rf8 Ke5 {The position is equal.} 71. Rf7 Nd5 72. Kf2 Nf4 73. Kg3 Ne2+ 74. Kf2 Nf4 75. Rh7 Kf5 76. Kg3 {White wants to mate with Rf7+.} Ne2+ $1 77. Kf2 Nf4 78. Kg3 {White threatens Rf7+ and mate.} Ne2+ $1 79. Kf2 Nf4 {White really could win this.  Weighted Error Value: White=0.66/Black=0.57} 1/2-1/2

[Event "EOC-ch Playoff-A 2021"]
[Site "Online"]
[Date "2021.03.29"]
[Round "4.11"]
[White "Van Wely, Loek"]
[Black "Mastrovasilis, Dimitrios"]
[Result "0-1"]
[WhiteElo "2620"]
[BlackElo "2609"]
[Annotator "TA"]
[PlyCount "130"]
[EventDate "2021.03.29"]
[EventType "team-tourn"]
[EventCountry "NET"]
[SourceTitle "playchess.com"]
[Source "ChessBase"]
[SourceQuality "1"]

{[%evp 12,130,27,16,20,0,0,0,0,0,0,0,27,0,10,-10,0,0,0,0,0,0,0,0,0,0,0,0,0,0,0,0,0,-32,0,0,0,-18,-6,-57,-67,-67,0,0,0,0,0,0,0,0,0,0,0,0,0,0,0,0,0,0,0,0,0,0,0,0,0,0,0,0,0,0,0,0,0,-76,-76,-90,-15,-15,-25,-86,-60,-245,-245,-245,-245,-245,-245,-252,0,0,0,0,0,0,0,-245,-238,-238,-238,-238,-238,-238,0,0,0,-1651,-1206,-12847,-9256,-29977,-29978,-29974,-29976,-29981,-29981,-29989,-29987,-29996,-29997]} 1. c4 e6 2. Nc3 d5 3. d4 Nf6 4. cxd5 Nxd5 5. e4 Nxc3 6. bxc3 c5 7. Rb1 {is now more promising than 7.Nf3.} Be7 {D35: Queen's Gambit Declined: Exchange Variation.} 8. Nf3 O-O 9. Bc4 Nc6 {The position is equal.} 10. O-O b6 11. Be3 Qc7 12. Qe2 Bb7 {[#]} 13. d5 $146 ({Predecessor:} 13. Rfd1 Rfd8 14. d5 exd5 15. Bxd5 Re8 16. Ng5 Bxg5 17. Bxg5 Qe5 18. f4 Qc7 19. Qg4 {1-0 (30) Moeller,D (2156)-Pajeken,J (2359) Magdeburg 2019}) 13... Na5 14. dxe6 Bxe4 15. exf7+ Kh8 16. Bg5 Bxb1 17. Bxe7 {[#] Strongly threatening Bd5.} Nxc4 18. Bxf8 Rxf8 19. Rxb1 Qxf7 20. Rd1 h6 21. h4 Re8 22. Qd3 (22. Qc2 {is interesting.} a6 23. a4 Kg8 24. Qb1 Qf4 25. Re1) 22... Ne5 (22... Nb2 $5 {[%cal Rb2d3]} 23. Qd7 Qxd7 24. Rxd7 a5 $11) 23. Nxe5 Rxe5 $11 {[%mdl 4096] Endgame KQR-KQR} 24. Qg3 Qe7 25. Rd8+ Qxd8 $15 26. Qxe5 Qxh4 {KQ-KQ} (26... Qd1+ $1 $15 27. Kh2 Qa4) 27. Qb8+ $11 Kh7 28. Qxa7 Qf6 (28... Qd8 {seems wilder.} 29. g3 Qd1+ 30. Kh2 Qd2 31. Kg1 Qd1+) 29. Qa3 Qe6 30. Qb2 Kg6 31. a4 Kf7 32. Qb1 Ke7 33. g3 Kd7 34. a5 bxa5 35. Qb5+ Qc6 36. Qxa5 Ke6 37. c4 Qd6 38. Qe1+ Qe5 39. Qd1 Kf5 40. Qf3+ (40. Qd2 {is more complex.} Qa1+ 41. Kh2 Qd4 42. Qc2+ Kf6 43. Kg2) 40... Kg6 41. Qd3+ Qf5 42. Qd6+ Kh7 43. Kg2 (43. Qc6 $11) 43... Qe4+ $17 {[%mdl 64] [#] Double Attack} 44. f3 Qxc4 (44... Qe2+ $17 45. Kg1 Qxf3 46. Qxc5 Qxg3+ 47. Kf1 Qf3+ 48. Kg1 Qg3+ 49. Kf1 Qf3+ 50. Kg1 Qg3+) 45. g4 $11 Qd4 46. Qe6 (46. Qc6 $11) 46... c4 $17 47. Qf5+ $2 (47. Qc6 $15) 47... Kg8 $19 48. Qc8+ Kf7 49. Qc7+ Kf6 50. Qc6+ Ke5 $2 (50... Kg5 $19 51. Qc7 h5 52. gxh5 Kxh5 53. Qa5+ Kh6) 51. Qc7+ $11 Ke6 52. Qc6+ Ke7 $2 (52... Kf7 $11) 53. Qc7+ $19 Kf6 54. Qc6+ Kg5 {aiming for ...Kh4.} 55. Kg3 {intending Qe6.} Qe5+ 56. Kh3 c3 {Hoping for ...Kf4.} 57. Qc4 Qe3 $2 ({Black should play} 57... Kg6 $19 58. Kg2 Qe3 59. Qc6+ Kg5) 58. Qd5+ $11 Kf6 {And now ...Ke7 would win.} 59. Qc6+ $2 {[%mdl 8192]} (59. Qd6+ $11 Kf7 60. Qd7+ Qe7 61. Qd5+ Kf8 62. Qa8+ Kf7 63. Qd5+ Ke8 64. Qc6+ Qd7 65. Qxc3) 59... Ke5 $19 60. Qc7+ Kd4 61. Qxg7+ Kd3 {Black mates.} 62. Qd7+ Ke2 63. Qb5+ Kf2 64. Kh4 Qg5+ 65. Kh3 Qxb5 {Weighted Error Value: White=0.43/Black=0.13} 0-1

[Event "EOC-ch Playoff-A 2021"]
[Site "Online"]
[Date "2021.03.29"]
[Round "4.12"]
[White "Wieczorek, Oskar"]
[Black "Hamdouchi, Hicham"]
[Result "0-1"]
[WhiteElo "2498"]
[BlackElo "2561"]
[Annotator "ChessBase"]
[PlyCount "106"]
[EventDate "2021.03.29"]
[EventType "team-tourn"]
[EventCountry "NET"]
[SourceTitle "playchess.com"]
[Source "ChessBase"]
[SourceQuality "1"]
[TimeControl "900+5"]

1. e4 {[%emt 0:00:00]} c5 {[%emt 0:00:04]} 2. Nf3 {[%emt 0:00:06]} Nc6 {[%emt 0:00:02]} 3. b4 {[%emt 0:00:11]} cxb4 {[%emt 0:00:55]} 4. d4 {[%emt 0:00:03]} g6 {[%emt 0:01:09]} 5. d5 {[%emt 0:00:08]} Bg7 {[%emt 0:00:07]} 6. c3 {[%emt 0:00:06]} Ne5 {[%emt 0:00:45]} 7. Nd4 {[%emt 0:01:38]} d6 {[%emt 0:00:04]} 8. Qa4+ {[%emt 0:04:12]} Nd7 {[%emt 0:00:40]} 9. Qxb4 {[%emt 0:01:14]} Ngf6 {[%emt 0:00:13]} 10. f3 {[%emt 0:00:05]} O-O {[%emt 0:00:08]} 11. Be2 {[%emt 0:00:01]} Nc5 {[%emt 0:00:58]} 12. O-O {[%emt 0:00:04]} Nfd7 {[%emt 0:00:04]} 13. Be3 {[%emt 0:00:10]} Ne5 {[%emt 0:00:12]} 14. Nd2 {[%emt 0:00:17]} f5 {[%emt 0:01:18]} 15. exf5 {[%emt 0:00:34]} gxf5 {[%emt 0:00:09]} 16. f4 {[%emt 0:00:58]} Ned7 {[%emt 0:02:08]} 17. Bf3 {[%emt 0:01:09]} Nb6 {[%emt 0:01:00]} 18. N2b3 {[%emt 0:01:42]} Ne4 {[%emt 0:03:26]} 19. Bxe4 {[%emt 0:00:14]} fxe4 {[%emt 0:00:04]} 20. f5 {[%emt 0:02:25]} Nxd5 {[%emt 0:01:08]} 21. Qc4 {[%emt 0:00:04]} e6 {[%emt 0:00:02]} 22. Rae1 {[%emt 0:01:03]} Nxe3 {[%emt 0:00:21]} 23. Rxe3 {[%emt 0:00:03]} d5 {[%emt 0:00:01]} 24. Qe2 {[%emt 0:00:10]} exf5 {[%emt 0:00:02]} 25. Rf4 {[%emt 0:00:15]} Qd6 {[%emt 0:00:58]} 26. Qf2 {[%emt 0:00:08]} Bd7 {[%emt 0:00:11]} 27. Nxf5 {[%emt 0:00:04]} Bxf5 {[%emt 0:00:08]} 28. Rxf5 {[%emt 0:00:00]} Rxf5 {[%emt 0:00:03]} 29. Qxf5 {[%emt 0:00:00]} Rf8 {[%emt 0:00:06]} 30. Qh5 {[%emt 0:00:02]} Qf4 {[%emt 0:00:40]} 31. Qe2 {[%emt 0:00:04]} Bh6 {[%emt 0:00:17]} 32. Rg3+ {[%emt 0:00:03]} Kh8 {[%emt 0:00:03]} 33. Rh3 {[%emt 0:00:12]} Bg7 {[%emt 0:00:06]} 34. Rg3 {[%emt 0:00:18]} Be5 {[%emt 0:00:05]} 35. a4 {[%emt 0:00:05]} b6 {[%emt 0:00:03]} 36. a5 {[%emt 0:00:04]} bxa5 {[%emt 0:00:04]} 37. Rh3 {[%emt 0:00:02]} Qf6 {[%emt 0:00:05]} 38. g4 {[%emt 0:00:03]} Qb6+ {[%emt 0:00:04]} 39. Qe3 {[%emt 0:00:03]} Qxb3 {[%emt 0:00:12]} 40. g5 {[%emt 0:00:04]} Qb6 {[%emt 0:00:02]} 41. Qxb6 {[%emt 0:00:09]} axb6 {[%emt 0:00:01]} 42. g6 {[%emt 0:00:00]} Kg7 {[%emt 0:00:02]} 43. gxh7 {[%emt 0:00:02]} Rh8 {[%emt 0:00:02]} 44. Rh5 {[%emt 0:00:01]} Kf6 {[%emt 0:00:02]} 45. Kf2 {[%emt 0:00:03]} a4 {[%emt 0:00:01]} 46. Rh6+ {[%emt 0:00:02]} Ke7 {[%emt 0:00:05]} 47. Rxb6 {[%emt 0:00:00]} Bxc3 {[%emt 0:00:04]} 48. Rb7+ {[%emt 0:00:03]} Kd6 {[%emt 0:00:02]} 49. Ke3 {[%emt 0:00:00]} a3 {[%emt 0:00:04]} 50. Ra7 {[%emt 0:00:02]} Bb2 {[%emt 0:00:02]} 51. Kf4 {[%emt 0:00:00]} Kc5 {[%emt 0:00:02]} 52. Kf5 {[%emt 0:00:02]} Kb6 {[%emt 0:00:02]} 53. Ra4 {[%emt 0:00:02]} Rxh7 {[%emt 0:00:03]} 0-1

[Event "EOC-ch Playoff-A 2021"]
[Site "Online"]
[Date "2021.03.29"]
[Round "5.1"]
[White "Bartel, Mateusz"]
[Black "Svane, Rasmus"]
[Result "1/2-1/2"]
[WhiteElo "2635"]
[BlackElo "2613"]
[Annotator "TA"]
[PlyCount "113"]
[EventDate "2021.03.29"]
[EventType "team-tourn"]
[EventCountry "NET"]
[SourceTitle "playchess.com"]
[Source "ChessBase"]
[SourceQuality "1"]

{[%evp 9,113,6,17,7,18,0,0,0,0,0,13,0,0,-8,2,5,14,4,7,3,6,1,12,6,10,0,0,0,0,0,17,0,5,5,6,6,12,4,4,0,0,0,0,0,12,0,0,0,0,-6,0,-7,0,-3,0,0,0,-9,0,-18,-18,-14,0,0,0,0,0,0,0,0,0,0,0,0,0,0,0,0,0,0,0,0,0,0,0,0,0,0,0,0,0,0,0,0,0,0,0,0,0,0,0,0,0,0,0,0]} 1. e4 c6 2. Nf3 d5 3. Nc3 dxe4 4. Nxe4 Nf6 5. Ng3 g6 {The position is equal.} 6. Bc4 {B11: Caro-Kann: Two Knights Variation.} (6. d4 Bg7 7. h3 O-O 8. Bd3 c5 9. dxc5 Nbd7 10. Be3 Nd5 11. Bd4 e5 12. Be3 Nxe3 13. fxe3 Nxc5 14. O-O Qb6 {1-0 (60) Bartel,M (2638)-Svane,R (2613) chess.com INT 2020}) 6... Bg7 7. O-O {[#]} c5 $146 ({Predecessor:} 7... O-O 8. h3 b5 9. Bb3 Nbd7 10. d4 c5 11. c3 Bb7 12. Re1 e6 13. Bg5 Qc7 {½-½ (107) Onischuk,V (2622)-Le,Q (2709) Chess.com INT 2021}) 8. d4 cxd4 9. Qxd4 Qxd4 10. Nxd4 Bd7 11. Nb5 {[#] aiming for Nc7+.} (11. c3 {is more complex.} Nc6 12. Nb3 O-O 13. Re1 Rfd8 14. Bf4) 11... Bxb5 12. Bxb5+ Nc6 13. Re1 e6 14. c3 O-O 15. Ne4 Nxe4 16. Rxe4 Rfd8 17. Be3 Ne7 18. Be2 Nd5 19. Bg5 Bf6 20. Bh6 Bg7 21. Bxg7 Kxg7 22. Rd1 Nf6 23. Red4 Rxd4 24. Rxd4 $11 {[%mdl 4096] Endgame KRB-KRN} b6 25. f4 Kf8 26. Kf2 Rc8 27. Bf3 Ke7 28. Ke3 Ne8 29. Kd2 Nd6 30. Kc2 h6 31. Ra4 Rc7 32. g3 g5 33. Kd3 f6 34. fxg5 hxg5 35. h4 gxh4 36. Rxh4 Nf5 37. Rh7+ Kd6 38. Rxc7 Kxc7 {KB-KN} 39. Bg4 {[#] Strongly threatening Bxf5.} Nxg3 40. Bxe6 Kd6 41. Bc8 Ke5 42. Kc4 Ne4 {White must now prevent ...Nd6+.} 43. Bh3 Nd6+ 44. Kd3 f5 45. b4 f4 46. Bg2 Nf5 47. c4 Nh4 48. Bb7 f3 49. Ke3 f2 50. Kxf2 Kd4 51. Ba6 Nf5 52. Ke2 Nd6 53. c5 bxc5 54. bxc5 Kxc5 55. Kd2 Kd4 56. Kc2 Kc5 57. Kb3 {Not much happened in this game.  Weighted Error Value: White=0.03/Black=0.03} 1/2-1/2

[Event "EOC-ch Playoff-A 2021"]
[Site "Online"]
[Date "2021.03.29"]
[Round "5.2"]
[White "Engel, Luis"]
[Black "Gumularz, Szymon"]
[Result "1-0"]
[WhiteElo "2553"]
[BlackElo "2517"]
[Annotator "ChessBase"]
[PlyCount "97"]
[EventDate "2021.03.29"]
[EventType "team-tourn"]
[EventCountry "NET"]
[SourceTitle "playchess.com"]
[Source "ChessBase"]
[SourceQuality "1"]
[TimeControl "900+5"]

1. e4 {[%emt 0:00:00]} e5 {[%emt 0:00:03]} 2. Nf3 {[%emt 0:00:04]} Nc6 {[%emt 0:00:02]} 3. Bb5 {[%emt 0:00:01]} a6 {[%emt 0:00:02]} 4. Ba4 {[%emt 0:00:01]} Nf6 {[%emt 0:00:04]} 5. d3 {[%emt 0:00:02]} d6 {[%emt 0:00:05]} 6. c3 {[%emt 0:00:02]} g6 {[%emt 0:00:01]} 7. O-O {[%emt 0:00:03]} Bg7 {[%emt 0:00:02]} 8. Re1 {[%emt 0:00:02]} O-O {[%emt 0:00:01]} 9. Nbd2 {[%emt 0:00:02]} h6 {[%emt 0:00:03]} 10. Nf1 {[%emt 0:00:06]} Re8 {[%emt 0:00:02]} 11. h3 {[%emt 0:00:11]} b5 {[%emt 0:00:03]} 12. Bc2 {[%emt 0:00:06]} a5 {[%emt 0:00:02]} 13. d4 {[%emt 0:00:46]} a4 {[%emt 0:00:18]} 14. d5 {[%emt 0:01:26]} Na5 {[%emt 0:00:07]} 15. b3 {[%emt 0:01:31]} axb3 {[%emt 0:00:24]} 16. axb3 {[%emt 0:00:03]} Bd7 {[%emt 0:00:06]} 17. Ne3 {[%emt 0:02:02]} c6 {[%emt 0:00:31]} 18. Ba3 {[%emt 0:01:17]} Nb7 {[%emt 0:01:44]} 19. b4 {[%emt 0:00:52]} Qc7 {[%emt 0:00:52]} 20. Qd2 {[%emt 0:00:42]} cxd5 {[%emt 0:00:41]} 21. Nxd5 {[%emt 0:00:38]} Nxd5 {[%emt 0:00:02]} 22. Qxd5 {[%emt 0:01:31]} Be6 {[%emt 0:00:09]} 23. Qd2 {[%emt 0:00:23]} Rad8 {[%emt 0:00:18]} 24. Bb2 {[%emt 0:00:19]} d5 {[%emt 0:00:10]} 25. Qe2 {[%emt 0:01:12]} Nd6 {[%emt 0:00:55]} 26. exd5 {[%emt 0:00:28]} Bxd5 {[%emt 0:00:03]} 27. Rad1 {[%emt 0:00:11]} Qc6 {[%emt 0:01:32]} 28. h4 {[%emt 0:00:45]} e4 {[%emt 0:04:33]} 29. Nd4 {[%emt 0:00:16]} Qb7 {[%emt 0:00:02]} 30. h5 {[%emt 0:00:27]} g5 {[%emt 0:00:02]} 31. Qg4 {[%emt 0:00:30]} Re5 {[%emt 0:00:44]} 32. f4 {[%emt 0:00:41]} f5 {[%emt 0:00:38]} 33. Qg3 {[%emt 0:00:01]} gxf4 {[%emt 0:00:01]} 34. Qxf4 {[%emt 0:00:00]} Bc4 {[%emt 0:00:37]} 35. Bc1 {[%emt 0:00:15]} Qf7 {[%emt 0:00:02]} 36. Qg3 {[%emt 0:00:07]} Qxh5 {[%emt 0:00:20]} 37. Bf4 {[%emt 0:00:02]} Rd5 {[%emt 0:00:01]} 38. Ne6 {[%emt 0:00:11]} Ne8 {[%emt 0:00:25]} 39. Nxd8 {[%emt 0:00:06]} Kh7 {[%emt 0:00:22]} 40. Rxd5 {[%emt 0:00:04]} Bxd5 {[%emt 0:00:02]} 41. Bd1 {[%emt 0:00:04]} Qg6 {[%emt 0:00:06]} 42. Qxg6+ {[%emt 0:00:04]} Kxg6 {[%emt 0:00:02]} 43. Be2 {[%emt 0:00:08]} Bxc3 {[%emt 0:00:01]} 44. Rd1 {[%emt 0:00:04]} Nf6 {[%emt 0:00:01]} 45. Bxb5 {[%emt 0:00:09]} Bxb4 {[%emt 0:00:02]} 46. Nc6 {[%emt 0:00:06]} Bc5+ {[%emt 0:00:02]} 47. Kh1 {[%emt 0:00:03]} e3 {[%emt 0:00:04]} 48. Ne5+ {[%emt 0:00:06]} Kh5 {[%emt 0:00:03]} 49. Be2+ {[%emt 0:00:13]} 1-0